Guess the Fusion Rock Song Lyrics #45 - Statistics

General Stats
  • This quiz has been taken 16 times
  • The average score is 86 of 145
Answer Stats
Answer % Correct
the
100%
The
100%
to
100%
She
92%
she
92%
a
85%
do
85%
how
85%
I
85%
is
85%
got
77%
knows
77%
leg
77%
them
77%
time
77%
use
77%
all
69%
All
69%
can
69%
legs
69%
my
69%
of
69%
you
69%
have
62%
it
62%
mine
62%
so
62%
what
62%
ZZ Top
62%
baby
54%
Down
54%
Girl
54%
girl
54%
If
54%
it's
54%
Oh
54%
oh
54%
She's
54%
she's
54%
choose
46%
Every
46%
her
46%
never
46%
Yeah
46%
yeah
46%
alright
38%
at
38%
could
38%
find
38%
fine
38%
get
38%
out
38%
see
38%
want
38%
Would
38%
begs
31%
right
31%
night
23%
only
23%
Shit
23%
wants
23%
Everybody
15%
feel
15%
Ooh
15%
through
15%
Try
15%
dancing
8%
dime
8%
fanny
8%
hair
8%
holding
8%
jet
8%
Moving
8%
set
8%
Stays
8%
Wonder
8%
behind
0%
kinda
0%
panties
0%
undo
0%
No matching quizzes found
Score Distribution
Percent of People with Each Score
Percentile by Number Answered
Your Score History
You have not taken this quiz